|
|
|
|
| LEADER |
00000nkmaa2200000 a 4500 |
| 001 |
vtls011967721 |
| 003 |
SK-MaSNL |
| 005 |
20260331212049.0 |
| 007 |
kh ao |
| 008 |
230802n xo | |||0 k|slo |
| 035 |
|
|
|a urn:nbn:sk:snk-km00ejcn
|
| 035 |
|
|
|a urn:nbn:sk:snk-km45w56
|
| 035 |
|
|
|a 6986418D-86C3-47EC-AC75-7A29391F01B7
|
| 040 |
|
|
|a SNKLA
|b slo
|c SNKLA
|e AACR2
|
| 041 |
0 |
|
|a slo
|
| 044 |
|
|
|a xo
|c SK
|
| 100 |
1 |
|
|a Socháň, Pavol,
|d 1862-1941
|4 pht
|9 40167
|
| 245 |
1 |
0 |
|a [Ján Mudroň s príbuznými]
|h grafika
|
| 260 |
|
|
|a [S.l.
|b s.n.
|c s.a.]
|
| 300 |
|
|
|a 1 fotografia
|b v hnedom tóne
|c 17 x 11 cm
|
| 520 |
2 |
|
|a Zobrazenie: Ján Mudroň s bratrancami Vladimírom a Milošom, synmi Michala Mudroňa. Na obr.: zľava Miloš Mudroň, Ján Mudroň a Vladimír Mudroň.
|
| 600 |
1 |
7 |
|a Mudroň, Ján,
|d 1866-1926
|2 SNKMA
|9 189391
|
| 600 |
1 |
7 |
|a Mudroň, Miloš,
|d narodený 1866
|2 SNKMA
|9 363104
|
| 600 |
1 |
7 |
|a Mudroň, Vladimír,
|d 1864-1915
|2 SNKMA
|9 439125
|
| 655 |
|
7 |
|a fotografie
|2 SNKPH
|9 70713
|
| 852 |
7 |
|
|a Slovenská národná knižnica
|b Literárny archív
|
| 958 |
|
|
|a ZO
|
| 958 |
|
|
|a BLA
|
| 999 |
|
|
|c 1040713
|d 1042643
|
| 952 |
|
|
|a SNKLA
|b SNKLA
|c SNKLA_DEP
|y NEVYP
|7 0
|p 17A1310897
|o snkSM 78/75
|i snkLA 2938/1970
|0 0
|1 0
|4 0
|d 2020-05-20
|f 1
|l 0
|r 2026-02-24 14:22:44
|w 2026-02-24
|